[Event "DRUZYNOWE MISTRZOSTWA POLSKI JUNIOROW - II LIGA"]
[Site "Szczyrk, CKiR Orle Gniazdo ul. Wrzosowa 28a"]
[Date "2014-07-28"]
[Round "5.23"]
[White "Gaudyn, Renata"]
[Black "Rogacka, Natalia"]
[Result "1/2-1/2"]
[WhiteTitle "I"]
[BlackTitle "II+"]
[WhiteElo "1597"]
[BlackElo "1509"]

1. e4 e5 2. Nf3 Nf6 3. Nc3 d6 4. h3 Be7 5. Bc4 O-O 6. O-O Nc6 7. a3 b6 8. d3 h6
9. Ne2 Bb7 10. Ng3 d5 11. exd5 Nxd5 12. Nf5 Bf6 13. Re1 Re8 14. Re4 Nce7 15. Nxe7+
Rxe7 16. Rg4 h5 17. Rg3 Nf4 18. Bxf4 exf4 19. Rg6 Bd5 20. Rxf6 gxf6 21. Nd2 Bxc4
22. Nxc4 Qd5 23. Nd2 Kh8 24. Ne4 Qf5 25. Qf3 Rg8 26. Ng3 Qe5 27. d4 Qg5 28. Nxh5
f5 29. d5 Kh7 30. Nxf4 Re4 31. Qh5+ Qxh5 32. Nxh5 Kg6 33. Ng3 Rd4 34. Ne2 Rd2
35. Nc3 Rxc2 36. Nb5 a6 37. Nd4 Rxb2 38. Rc1 Rd2 39. Rc6+ f6 40. Ne6 Rc8 41. Nf4+
Kf7 42. g3 a5 43. Rc3 Ke7 44. h4 Kd7 45. Rc6 Rf8 46. Rc3 Rc8 47. h5 c5 48. dxc6+
Rxc6 49. Rxc6 Kxc6 50. Ne6 Kd6 51. Ng7 Ke5 52. f4+ Ke4 53. h6 Rd8 54. Nh5 b5 55.
h7 Rh8 56. Nxf6+ Kd4 57. Kf2 b4 58. axb4 axb4 59. Ke2 Kc3 60. Nd5+ Kc4 61. Ne3+
Kc3 62. Nd5+ Kc4 63. Ne3+ Kc3 64. Nd5+ Kc4 1/2-1/2

[Event "DRUZYNOWE MISTRZOSTWA POLSKI JUNIOROW - II LIGA"]
[Site "Szczyrk, CKiR Orle Gniazdo ul. Wrzosowa 28a"]
[Date "2014-07-28"]
[Round "5.24"]
[White "Czarniecka, Aleksandra"]
[Black "Waszczuk, Patrycja"]
[Result "1-0"]
[WhiteTitle "I"]
[BlackTitle "I"]
[WhiteElo "1260"]
[BlackElo "1519"]

1. e4 c5 2. Nf3 a6 3. d4 cxd4 4. Nxd4 Nf6 5. Nc3 e5 6. Nf5 d5 7. f4 Nxe4 8. Nxe4
Bxf5 9. Ng3 Be4 10. Nxe4 dxe4 11. Qe2 Be7 12. Qxe4 Nc6 13. Bd3 Qd4 14. fxe5 Qxe5
15. Qxe5 Nxe5 16. Be4 O-O-O 17. Bf4 Bf6 18. O-O Rd4 19. Bf5+ Kd8 20. Rad1 Nc6
21. c3 Rxd1 22. Rxd1+ Ke8 23. Rd6 Be7 24. Rd1 Bc5+ 25. Kf1 g6 26. Bc8 Nd8 27.
Bc7 Ke7 28. Bxd8+ Rxd8 29. Rxd8 Kxd8 30. Bxb7 a5 31. Ke2 Kc7 32. Bd5 f6 33. Kd3
Bd6 34. h3 Kb6 35. Kc4 g5 36. b4 f5 37. Bf3 h6 38. a4 Be7 39. b5 Bf6 40. Kd3 Kc5
41. c4 Kb6 42. g4 f4 43. Ke4 Bg7 44. Kd5 Bf8 45. Ke6 Bc5 46. Kf6 Bd6 47. Kg7 Kc5
48. Kxh6 Be7 49. Kg6 Kb6 50. Kf7 Bd8 51. Ke6 Kc5 52. Kd7 Bb6 53. Kc8 Kxc4 54.
Kb7 Kc5 55. Be2 Bd8 56. Kc8 Bf6 57. Kc7 Be7 58. b6 Bd6+ 59. Kd7 Be5 60. b7 Kb6
61. Bf3 Ka7 62. Kc6 Kb8 63. Kd7 Bf6 64. Ke6 Bd8 65. Kf5 Kc7 66. h4 gxh4 67. Kxf4
Bf6 68. g5 Be7 69. Kg4 h3 70. g6 Bf8 71. Kf5 Bg7 72. Ke6 h2 73. Kf7 Be5 74. g7
Bxg7 75. Kxg7 Kb8 76. Kf7 Kc7 77. Ke7 Kb8 78. Kd8 Ka7 79. Kc7 Ka6 80. Be2+ Ka7
81. b8=Q# 1-0

[Event "DRUZYNOWE MISTRZOSTWA POLSKI JUNIOROW - II LIGA"]
[Site "Szczyrk, CKiR Orle Gniazdo ul. Wrzosowa 28a"]
[Date "2014-07-28"]
[Round "5.25"]
[White "Ziabek, Patryk"]
[Black "Snihur, Piotr"]
[Result "0-1"]
[WhiteTitle "I"]
[BlackTitle "k"]
[WhiteElo "1896"]
[BlackElo "2147"]

1. e4 c5 2. Nf3 d6 3. d4 cxd4 4. Nxd4 Nf6 5. Nc3 a6 6. Bg5 e6 7. Qe2 Be7 8. f4
h6 9. Bxf6 Bxf6 10. O-O-O Qc7 11. Qc4 Qxc4 12. Bxc4 b5 13. Bb3 Bb7 14. Rhe1 b4
15. Na4 Nd7 16. f5 e5 17. Nf3 Be7 18. Rd3 O-O 19. Nd2 Bc6 20. Rde3 Bg5 21. R3e2
Rab8 22. Kb1 Rfc8 23. g3 Bb5 24. Rg2 Bd8 25. h4 Kf8 26. Nf3 Bc6 27. g4 Nf6 28.
Nd2 d5 29. exd5 Nxd5 30. Rh2 Nf6 31. g5 Ng4 32. gxh6 gxh6 33. Rh3 Nf2 34. Rh2
Ng4 35. Rh3 Be7 36. Rg1 h5 37. Nf3 e4 38. Ng5 Rd8 39. Nh7+ Ke8 40. Ng5 Bd5 41.
Bxd5 Rxd5 42. Nxe4 Rxf5 43. Re1 Re5 44. Rhh1 Kf8 45. b3 Rd8 46. Nec5 Rxe1+ 47.
Rxe1 a5 48. Nb7 Rd5 49. c4 bxc3 50. Nxc3 Rd7 51. Nxa5 Bb4 52. Nc4 Bxc3 53. Rf1
Kg7 54. Rf5 Kg6 55. Rg5+ Kh6 56. Nb6 Rd6 57. Nd5 Be5 58. Ne7 Rd2 59. Nf5+ Kh7
60. Rxh5+ Kg6 61. Rg5+ Kf6 62. Rxg4 Kxf5 63. Ra4 Rh2 64. Kc1 Bf4+ 65. Kd1 Kg4
66. Ra6 f5 67. b4 Rb2 68. a3 Kf3 69. Rf6 Rd2+ 0-1

[Event "DRUZYNOWE MISTRZOSTWA POLSKI JUNIOROW - II LIGA"]
[Site "Szczyrk, CKiR Orle Gniazdo ul. Wrzosowa 28a"]
[Date "2014-07-28"]
[Round "5.26"]
[White "Matlewski, Adam"]
[Black "Bazant, Tomasz"]
[Result "0-1"]
[WhiteTitle "I"]
[BlackTitle "II"]
[WhiteElo "1685"]
[BlackElo "1545"]

1. d4 d5 2. c4 c6 3. e3 Nf6 4. Nf3 e6 5. Nbd2 Bd6 6. Bd3 Nbd7 7. O-O O-O 8. e4
e5 9. exd5 cxd5 10. cxd5 exd4 11. Nc4 Bc5 12. Bg5 h6 13. Bh4 Nb6 14. Re1 Bg4 15.
h3 Bxf3 16. Qxf3 Qxd5 17. Qg3 Nfd7 18. Nxb6 axb6 19. Be4 Qe6 20. a3 Qd6 21. Qb3
Ra7 22. Bd5 Nf6 23. Bc4 Rd8 24. Bxf7+ Kh8 25. Bg3 Qd7 26. Be6 Qc6 27. Bf7 d3 28.
Rad1 d2 29. Re2 Ne4 30. Qf3 Ra4 31. Bb3 Rad4 32. Be5 Rd3 33. Qf7 Nf6 34. Bc3 Bxa3
35. Bc4 Rf8 36. Qe6 Rd6 37. Qe3 Qxc4 38. Bxf6 Rfxf6 39. Qe8+ Kh7 40. bxa3 Rfe6
41. Rxe6 Rxe6 42. Qh5 Re1+ 43. Kh2 Rxd1 44. Qxd1 Qc1 45. Qf3 Qc2 46. Qxb7 d1=Q
47. Qxb6 Qcb1 48. Qe3 Qh1+ 49. Kg3 Qb8+ 50. f4 Qhb1 51. Kh2 Q1b3 52. Qe4+ Kh8
53. a4 Q3b4 0-1

[Event "DRUZYNOWE MISTRZOSTWA POLSKI JUNIOROW - II LIGA"]
[Site "Szczyrk, CKiR Orle Gniazdo ul. Wrzosowa 28a"]
[Date "2014-07-28"]
[Round "5.27"]
[White "Janiszewski, Filip"]
[Black "Leskiewicz, Ignacy"]
[Result "1-0"]
[WhiteTitle "I"]
[BlackTitle "I"]
[WhiteElo "1825"]
[BlackElo "1683"]

1. e4 c5 2. Nf3 d6 3. d4 cxd4 4. Nxd4 Nf6 5. Nc3 a6 6. Bg5 e6 7. Qe2 Nbd7 8. f4
Qc7 9. O-O-O Be7 10. g4 b5 11. Bg2 Bb7 12. e5 dxe5 13. fxe5 Nd5 14. Bxe7 Nxc3
15. bxc3 Bxg2 16. Qxg2 Kxe7 17. Nc6+ Ke8 18. Rd6 Nc5 19. Rhd1 Nb7 20. Rd7 Qxd7
21. Rxd7 Kxd7 22. Nb4 Na5 23. Qf2 f6 24. Qb6 fxe5 25. Qxa5 Rhb8 26. Nxa6 Rc8 27.
Qxb5+ Ke7 28. Nc5 Ra7 29. Qb6 Rac7 30. Qxe6+ Kd8 31. Qd5+ Ke8 32. Ne4 Rd8 33.
Qg8+ Kd7 34. Qxg7+ Kc8 35. Qxe5 1-0

[Event "DRUZYNOWE MISTRZOSTWA POLSKI JUNIOROW - II LIGA"]
[Site "Szczyrk, CKiR Orle Gniazdo ul. Wrzosowa 28a"]
[Date "2014-07-28"]
[Round "5.28"]
[White "Krol, Marcin"]
[Black "Dixa, Oskar"]
[Result "1/2-1/2"]
[WhiteTitle "II+"]
[BlackTitle "I"]
[WhiteElo "1595"]
[BlackElo "1496"]

1. d4 Nf6 2. c4 c6 3. Nf3 d5 4. g3 Bf5 5. Bg2 e6 6. O-O Bd6 7. Nbd2 Nbd7 8. b3
O-O 9. Bb2 Qe7 10. Ne5 Rac8 11. h3 h6 12. Re1 c5 13. g4 Bh7 14. Nxd7 Nxd7 15.
e4 dxe4 16. Nxe4 cxd4 17. Nxd6 Qxd6 18. Qxd4 Qxd4 19. Bxd4 b6 20. Rad1 Rfd8 21.
Rd2 Nc5 22. Red1 Ne4 23. Bxe4 Bxe4 24. Be3 Rxd2 25. Rxd2 Bc6 26. b4 b5 27. cxb5
Bxb5 28. Bxa7 Ra8 29. Bc5 Bc4 30. Rb2 Rxa2 31. Rxa2 Bxa2 32. b5 Bc4 33. b6 Bd5
34. Kh2 f6 35. Kg3 Kf7 36. Kf4 Bb7 37. Ke3 Bc6 38. Kd4 Bb7 39. Bd6 Ke8 40. Kc5
Kf7 41. Bb8 Ke7 1/2-1/2

[Event "DRUZYNOWE MISTRZOSTWA POLSKI JUNIOROW - II LIGA"]
[Site "Szczyrk, CKiR Orle Gniazdo ul. Wrzosowa 28a"]
[Date "2014-07-28"]
[Round "5.29"]
[White "Gudelajtis, Anna"]
[Black "Momot, Weronika"]
[Result "1/2-1/2"]
[WhiteTitle "I"]
[BlackTitle "I"]
[WhiteElo "1507"]
[BlackElo "1479"]

1. e4 e6 2. d4 d5 3. exd5 exd5 4. c4 Nf6 5. Nc3 Be7 6. Nf3 O-O 7. Bd3 Nbd7 8. O-O
dxc4 9. Bxc4 Nb6 10. Be2 Nbd5 11. Bg5 h6 12. Bh4 c6 13. Qc2 Be6 14. Rad1 Nh5 15.
Bxe7 Qxe7 16. Ne5 Nhf4 17. Bf3 Qg5 18. Ne4 Qe7 19. Qc1 Ng6 20. Rfe1 Nh4 21. Bh5
Nf6 22. Nxf6+ Qxf6 23. b3 Ng6 24. Bf3 Rad8 25. Be4 Bd5 26. Qe3 Bxe4 27. Qxe4 Rd5
28. Nxg6 fxg6 29. Qe6+ Qxe6 30. Rxe6 Rfd8 31. Re4 c5 32. f3 Rxd4 33. Rexd4 cxd4
34. Kf2 Kf7 35. Ke2 Ke6 36. Kd3 Kd5 37. Re1 Rd7 38. Re4 Kc5 39. Re5+ Kb4 40. h3
b6 41. Re2 g5 42. Rc2 b5 43. Rb2 a6 44. Rc2 Rd6 45. Re2 g6 46. Rc2 h5 47. Re2
a5 48. Rb2 Ka3 49. Rc2 Kb4 50. Rb2 Ka3 51. Rc2 Kb4 52. Rb2 Kc5 53. Re2 a4 54.
bxa4 bxa4 55. Re5+ Kb4 56. Rxg5 Ra6 57. Re5 Ka3 58. Re2 Rb6 59. Kxd4 Rb2 60. Rxb2
Kxb2 61. Kd3 h4 62. f4 a3 63. Kd2 Kb1 64. Kd1 1/2-1/2

[Event "DRUZYNOWE MISTRZOSTWA POLSKI JUNIOROW - II LIGA"]
[Site "Szczyrk, CKiR Orle Gniazdo ul. Wrzosowa 28a"]
[Date "2014-07-28"]
[Round "5.30"]
[White "Waligora, Julia"]
[Black "Wawrzyniak, Weronika"]
[Result "0-1"]
[WhiteTitle "II+"]
[BlackTitle "II"]
[WhiteElo "1271"]
[BlackElo "1216"]

1. e4 c5 2. Nf3 e6 3. d4 cxd4 4. Nxd4 Nf6 5. Bd3 Nc6 6. Be3 d5 7. Nxc6 bxc6 8.
e5 Nd7 9. f4 Bc5 10. Bxc5 Nxc5 11. b4 Nxd3+ 12. Qxd3 Qb6 13. a3 O-O 14. Nc3 Ba6
15. Qd2 Bc4 16. Qf2 f6 17. Qxb6 axb6 18. exf6 Rxf6 19. g3 Rf7 20. Ne2 Bxe2 21.
Kxe2 Rfa7 22. Rhe1 Rxa3 23. Rxa3 Rxa3 24. Kd2 Kf7 25. Re3 Rxe3 26. Kxe3 c5 27.
bxc5 bxc5 28. Kd3 Kf6 29. c3 g5 30. fxg5+ Kxg5 31. h3 h5 32. Ke3 Kf5 33. Kf3 e5
34. Ke3 d4+ 35. cxd4 exd4+ 36. Kd3 Ke5 37. Kd2 c4 38. Kc2 Ke4 39. Kd2 Kf3 40.
g4 hxg4 41. hxg4 Kxg4 42. Ke2 Kf4 43. Kd2 Ke4 44. Ke2 c3 45. Kd1 Ke3 46. Kc2 Ke2
47. Kc1 d3 0-1

[Event "DRUZYNOWE MISTRZOSTWA POLSKI JUNIOROW - II LIGA"]
[Site "Szczyrk, CKiR Orle Gniazdo ul. Wrzosowa 28a"]
[Date "2014-07-28"]
[Round "5.31"]
[White "Kroczka, Gromoslaw"]
[Black "Knapik, Andrzej"]
[Result "0-1"]
[WhiteTitle "I"]
[BlackTitle "I"]
[WhiteElo "1788"]
[BlackElo "1922"]

1. e4 e6 2. d4 d5 3. Nd2 Nc6 4. Ngf3 Nf6 5. e5 Nd7 6. c3 Be7 7. Bd3 a5 8. O-O b6
9. Qe2 Ncb8 10. Re1 Ba6 11. c4 c6 12. cxd5 cxd5 13. Nf1 Bxd3 14. Qxd3 Nc6 15.
a3 a4 16. Qc2 Ndb8 17. Bd2 O-O 18. g4 b5 19. Qd3 Qb6 20. Bg5 h6 21. Bxe7 Nxe7
22. Ng3 g6 23. Nh4 Rc8 24. f4 Rc4 25. Rad1 Nbc6 26. Nf3 b4 27. f5 bxa3 28. bxa3
Qb3 29. fxe6 fxe6 30. Ne2 Rb8 31. Kf2 Na5 32. Ke3 Rc2 33. Kf2 Nc4 34. Kg1 Nxa3
35. Nh4 Qxd3 36. Rxd3 Rb3 37. Rdd1 Nc4 38. Nc1 Rb1 39. Nd3 Rxd1 40. Rxd1 a3 41.
Nc5 a2 0-1

[Event "DRUZYNOWE MISTRZOSTWA POLSKI JUNIOROW - II LIGA"]
[Site "Szczyrk, CKiR Orle Gniazdo ul. Wrzosowa 28a"]
[Date "2014-07-28"]
[Round "5.32"]
[White "Adamczyk, Pawel"]
[Black "Wisniewski, Szymon"]
[Result "1-0"]
[WhiteTitle "II+"]
[BlackTitle "I"]
[WhiteElo "1746"]
[BlackElo "1849"]

1. e4 c5 2. Nf3 e6 3. d4 cxd4 4. Nxd4 Nf6 5. Nc3 Nc6 6. Ndb5 Bb4 7. a3 Bxc3+ 8.
Nxc3 d5 9. exd5 exd5 10. Bd3 O-O 11. O-O Bg4 12. f3 Be6 13. Kh1 h6 14. Bf4 Nh5
15. Bd2 Ne5 16. Qe2 Nxd3 17. Qxd3 Qh4 18. Be1 Qc4 19. Rd1 d4 20. Ne2 Rfd8 21.
Bf2 Qa4 22. Rfe1 Bc4 23. Qf5 g6 24. Qe4 Bxe2 25. Rxe2 Re8 26. Qd3 Nf4 27. Rxe8+
Rxe8 28. Qxd4 Qxc2 29. Rd2 Qb1+ 30. Rd1 Qc2 31. Rd2 Qb1+ 32. Rd1 Qf5 33. Be3 Ne6
34. Qc3 Kh7 35. Kg1 Qb5 36. Qf6 Rf8 37. Kf2 Qc6 38. h4 Qa4 39. Rd2 Qb5 40. Rd6
Qc4 41. h5 Qc2+ 42. Rd2 Qb1 43. Rd7 Qc2+ 44. Kg3 Qb1 45. Qxe6 Qe1+ 46. Kh2 Qh4+
47. Qh3 Qf6 48. hxg6+ Qxg6 49. Rd4 Re8 50. Bxh6 Rh8 51. Rh4 Qd6+ 1-0

[Event "DRUZYNOWE MISTRZOSTWA POLSKI JUNIOROW - II LIGA"]
[Site "Szczyrk, CKiR Orle Gniazdo ul. Wrzosowa 28a"]
[Date "2014-07-28"]
[Round "5.33"]
[White "Kozakiewicz, Gracjan"]
[Black "Pniaczek, Marek"]
[Result "0-1"]
[WhiteTitle "I"]
[BlackTitle "II+"]
[WhiteElo "1589"]
[BlackElo "1585"]

1. d4 d5 2. c4 dxc4 3. Nc3 a6 4. a4 Nc6 5. e3 Na5 6. Qc2 Nf6 7. Nf3 g6 8. Ne5 Be6
9. Be2 Bg7 10. Bd2 c5 11. Nf3 Qc7 12. O-O O-O 13. Ng5 cxd4 14. Nxe6 fxe6 15. Na2
Nd5 16. Qe4 Rf6 17. Bxa5 Qxa5 18. Bxc4 dxe3 19. fxe3 Raf8 20. Rxf6 Rxf6 21. Qd3
Qc5 22. Bxd5 exd5 23. Nc3 e6 24. Rf1 Rxf1+ 25. Kxf1 Bxc3 26. bxc3 Kf7 27. e4 dxe4
28. Qxe4 Qf5+ 29. Qf3 Qxf3+ 30. gxf3 Kf6 31. Ke2 Kf5 32. Kd3 g5 33. Ke3 e5 34.
h3 h5 35. a5 e4 36. fxe4+ Ke5 37. c4 g4 38. h4 g3 39. Kf3 g2 40. Kxg2 Kxe4 41.
Kg3 Ke3 42. c5 Ke4 43. Kf2 Kf4 44. Ke2 Kg4 45. Ke3 Kxh4 46. Kf4 Kh3 47. Kf3 h4
48. Ke4 Kg3 49. Ke5 h3 50. Kd6 h2 51. c6 bxc6 52. Kxc6 h1=Q+ 53. Kb6 Qa8 54. Kc5
Qb7 0-1

[Event "DRUZYNOWE MISTRZOSTWA POLSKI JUNIOROW - II LIGA"]
[Site "Szczyrk, CKiR Orle Gniazdo ul. Wrzosowa 28a"]
[Date "2014-07-28"]
[Round "5.34"]
[White "Kucharska, Honorata"]
[Black "Wolski, Lukasz"]
[Result "0-1"]
[WhiteTitle "I+"]
[BlackTitle "II"]
[WhiteElo "1718"]
[BlackElo "1233"]

1. e4 e5 2. Nf3 Nc6 3. Bb5 a6 4. Ba4 b5 5. Bb3 Bc5 6. O-O Nf6 7. d3 h6 8. c3 d6
9. Bc2 Bg4 10. Nbd2 O-O 11. h3 Bh5 12. Re1 Ne7 13. Nf1 c6 14. Ng3 Bxf3 15. Qxf3
Kh7 16. d4 Bb6 17. Be3 c5 18. Rad1 Qc7 19. Bb1 Rad8 20. Nf5 Nfg8 21. a3 c4 22.
Bc1 Nxf5 23. Qxf5+ g6 24. Qf3 Qa7 25. Be3 Rfe8 26. Bc2 a5 27. Rd2 f6 28. Red1
Re7 29. Kh1 Red7 30. Qe2 exd4 31. Bxd4 Bxd4 32. Rxd4 Ne7 33. Qf3 Kg7 34. Qg3 Qc5
35. f4 d5 36. e5 f5 37. Qh4 Nc6 38. Qf6+ Kh7 39. e6 Rf8 40. Qh4 Rdd8 41. R4d2
Qe7 42. Qe1 Rf6 43. Rxd5 Rxd5 44. Rxd5 Rxe6 45. Qd2 Re2 46. Qd1 Re1+ 47. Kh2 Rxd1
48. Bxd1 Qe4 49. Bf3 Qxf4+ 50. Kg1 Qc1+ 51. Rd1 Qe3+ 52. Kf1 Ne5 53. Re1 Qd3+
54. Kf2 Nxf3 55. gxf3 Kg7 56. Re2 Kf6 57. Re3 Qb1 58. Re2 Kg5 59. Kg2 Kh5 60.
Rf2 Qd3 61. Rf1 Qe3 62. Rf2 Qg5+ 63. Kh2 Qe7 64. Kg2 b4 65. axb4 axb4 66. cxb4
Qxb4 67. Re2 g5 68. Rf2 c3 69. bxc3 Qxc3 70. Re2 g4 71. hxg4+ fxg4 72. fxg4+ Kxg4
73. Re4+ Kf5 74. Re2 Kf4 75. Rf2+ Kg4 76. Kg1 h5 77. Rg2+ Kf4 78. Rf2+ Ke4 79.
Re2+ Kd3 80. Rf2 Qe1+ 81. Kg2 h4 82. Rf3+ Ke4 83. Rh3 Kf4 84. Rf3+ Kg4 85. Rf1
h3+ 86. Kh2 Qg3+ 0-1

[Event "DRUZYNOWE MISTRZOSTWA POLSKI JUNIOROW - II LIGA"]
[Site "Szczyrk, CKiR Orle Gniazdo ul. Wrzosowa 28a"]
[Date "2014-07-28"]
[Round "5.35"]
[White "Skoczek, Karolina"]
[Black "Kasperek, Kinga"]
[Result "0-1"]
[WhiteTitle "II+"]
[BlackTitle "I"]
[WhiteElo "1516"]
[BlackElo "1559"]

1. e4 c5 2. b4 d6 3. Bb2 Nc6 4. b5 Ne5 5. f4 Nd7 6. Bc4 e6 7. Nf3 Ngf6 8. Nc3 Be7
9. d3 O-O 10. a3 b6 11. O-O Bb7 12. Qe1 d5 13. Ba2 d4 14. Ne2 Qc7 15. Bc1 a6 16.
Qg3 axb5 17. e5 Nd5 18. Qf2 f6 19. exf6 N7xf6 20. Ne5 Bd6 21. Qg3 Rae8 22. Ng4
Nh5 23. Qh3 Nhxf4 24. Nxf4 Bxf4 25. Bxd5 Bxd5 26. Bxf4 Rxf4 27. Rxf4 Qxf4 28.
Rf1 Qd6 29. Qh5 Rf8 30. Rxf8+ Qxf8 31. Qe5 h6 32. Qc7 Qf5 33. Qd8+ Kh7 34. h3
Qg5 35. Qxg5 hxg5 36. Kf2 Kg6 37. Ne5+ Kf5 38. Nd7 b4 39. a4 c4 40. dxc4 Bxc4
41. Nxb6 Ba6 42. Nd7 d3 43. Ke3 dxc2 44. Kd2 b3 45. Nc5 Bc4 46. a5 e5 47. a6 e4
48. a7 e3+ 49. Kc1 e2 50. g4+ Kf4 51. a8=Q e1=Q+ 52. Kb2 Qb1+ 53. Kc3 c1=Q+ 54.
Kb4 Qd2+ 55. Kxc4 Qf1+ 56. Nd3+ Qfxd3+ 57. Kc5 Q2c3+ 58. Kb6 Qdd4+ 59. Kb5 Qdb4+
60. Ka6 Qa1# 0-1

[Event "DRUZYNOWE MISTRZOSTWA POLSKI JUNIOROW - II LIGA"]
[Site "Szczyrk, CKiR Orle Gniazdo ul. Wrzosowa 28a"]
[Date "2014-07-28"]
[Round "5.36"]
[White "Pyzio, Amelia"]
[Black "Humin, Julia"]
[Result "0-1"]
[WhiteTitle "I"]
[BlackTitle "I"]
[WhiteElo "1370"]
[BlackElo "1457"]

1. e4 e6 2. f4 d5 3. e5 c5 4. Bb5+ Bd7 5. Bxd7+ Nxd7 6. Nf3 Ne7 7. O-O Nf5 8. d3
h5 9. c3 Qb6 10. Na3 Be7 11. Nc2 O-O 12. Qe2 d4 13. cxd4 cxd4 14. Nce1 Rac8 15.
Nd2 g6 16. Ne4 Nc5 17. Nxc5 Rxc5 18. b3 Rc6 19. Bd2 Ba3 20. Nf3 Rfc8 21. Ng5 Rc2
22. Ne4 Bb2 23. Rab1 Bc3 24. Bxc3 Rxe2 0-1

[Event "DRUZYNOWE MISTRZOSTWA POLSKI JUNIOROW - II LIGA"]
[Site "Szczyrk, CKiR Orle Gniazdo ul. Wrzosowa 28a"]
[Date "2014-07-28"]
[Round "5.37"]
[White "Zylka, Stanislaw"]
[Black "Banach, Szymon"]
[Result "0-1"]
[WhiteTitle "I++"]
[BlackTitle "I+"]
[WhiteElo "1931"]
[BlackElo "1891"]

1. e4 e6 2. d4 d5 3. Nd2 c5 4. Ngf3 Nc6 5. exd5 exd5 6. dxc5 Bxc5 7. Nb3 Bb6 8.
Bg5 Nf6 9. Be2 Bxf2+ 10. Kf1 Bb6 11. c4 dxc4 12. Qxd8+ Bxd8 13. Bxc4 O-O 14. Re1
Na5 15. Nxa5 Bxa5 16. Re5 Bc7 17. Bxf6 gxf6 18. Re2 Bb6 19. Ke1 Bf5 20. Rf1 Rac8
21. Nd2 Bd3 22. Rf4 Bxe2 23. Kxe2 Rfe8+ 24. Kf3 Be3 25. Rg4+ Kf8 26. Nf1 f5 27.
Rh4 Bg5 28. Rd4 Re4 29. Rxe4 fxe4+ 30. Kg4 Rxc4 31. Kxg5 Rc2 32. Ne3 Rxb2 33.
Kf4 Rxa2 34. Kxe4 Re2 35. Kd3 Rxe3+ 36. Kxe3 a5 0-1

[Event "DRUZYNOWE MISTRZOSTWA POLSKI JUNIOROW - II LIGA"]
[Site "Szczyrk, CKiR Orle Gniazdo ul. Wrzosowa 28a"]
[Date "2014-07-28"]
[Round "5.38"]
[White "Kaminski, Piotr"]
[Black "Chmura, Wojciech"]
[Result "1-0"]
[WhiteTitle "II+"]
[BlackTitle "II"]
[WhiteElo "1601"]
[BlackElo "1487"]

1. e4 c5 2. Nf3 g6 3. d4 cxd4 4. Nxd4 Nc6 5. c4 Bg7 6. Be3 Nf6 7. Nc3 d6 8. Be2
Bd7 9. f3 O-O 10. O-O Rc8 11. Rc1 a6 12. Qd2 Qa5 13. Nb3 Qd8 14. Rfd1 Ne5 15.
c5 Ne8 16. Nd5 Ba4 17. Qb4 Bxb3 18. Qxb3 Rb8 19. Kh1 Nc6 20. Nb6 Kh8 21. f4 Qc7
22. cxd6 exd6 23. Bf3 Rd8 24. Nc4 Qe7 25. Bb6 Rd7 26. Ne3 Nf6 27. Nd5 Nxd5 28.
Rxd5 Bh6 29. Qc3+ Bg7 30. Qd2 h5 31. Rd1 Bh6 32. g3 Qf6 33. b3 g5 34. Rf5 Qg6
35. fxg5 Bxg5 1-0

[Event "DRUZYNOWE MISTRZOSTWA POLSKI JUNIOROW - II LIGA"]
[Site "Szczyrk, CKiR Orle Gniazdo ul. Wrzosowa 28a"]
[Date "2014-07-28"]
[Round "5.39"]
[White "Walter, Szymon"]
[Black "Mietkiewicz, Jacek"]
[Result "1-0"]
[WhiteTitle "I++"]
[BlackTitle "II+"]
[WhiteElo "2022"]
[BlackElo "1564"]

1. e4 c5 2. Nc3 Nc6 3. f4 e6 4. Nf3 a6 5. g3 Nf6 6. Bg2 d5 7. e5 Nd7 8. O-O Be7
9. Ne2 c4 10. d4 b5 11. c3 a5 12. g4 Qb6 13. Ng3 Ba6 14. Kh1 O-O-O 15. f5 h6 16.
Nh5 Rdg8 17. Nf4 Nf8 18. Be3 Bg5 19. Qd2 Bxf4 20. Bxf4 Nd7 21. Nh4 Ne7 22. Bg3
g5 23. fxg6 fxg6 24. Rf7 Qd8 25. Qf2 Qe8 26. Rf6 Nxf6 27. exf6 Rf8 28. Qf4 Qc6
29. Qb8+ Kd7 30. Qa7+ Bb7 31. fxe7 Rfg8 32. Nf3 Kxe7 33. Ne5 Qc8 34. Qxa5 Bc6
35. Qb4+ Ke8 36. Qd6 Bd7 37. Re1 Rh7 38. Nxd7 Qxd7 39. Rxe6+ Re7 40. Rxe7+ Qxe7
41. Qxe7+ Kxe7 42. Bxd5 Rc8 43. Kg2 Kf6 44. Be5+ Ke7 45. Be4 h5 46. g5 Kf7 47.
a3 Re8 48. Kf3 Rc8 49. Kf4 Re8 50. Bf6 Rc8 51. Bd5+ Kf8 52. Be6 Ra8 53. d5 1-0

[Event "DRUZYNOWE MISTRZOSTWA POLSKI JUNIOROW - II LIGA"]
[Site "Szczyrk, CKiR Orle Gniazdo ul. Wrzosowa 28a"]
[Date "2014-07-28"]
[Round "5.41"]
[White "Binkowska, Agata"]
[Black "Wilk, Oktawia"]
[Result "1-0"]
[WhiteTitle "I"]
[BlackTitle "I+"]
[WhiteElo "1602"]
[BlackElo "1662"]

1. d4 e6 2. Nf3 d5 3. Bf4 c5 4. e3 Nc6 5. c3 Nf6 6. Nbd2 cxd4 7. exd4 Bd6 8. Ne5
O-O 9. Bd3 Ne7 10. O-O Ng6 11. Bg3 Qc7 12. f4 Bd7 13. Qf3 Rfe8 14. Bf2 Bc6 15.
h4 Nd7 16. h5 Ngf8 17. Be3 f6 18. Ng4 f5 19. Ne5 Nf6 20. Qh3 Bxe5 21. fxe5 Ng4
22. Bf4 Qb6 23. Nb3 Nd7 24. Rfe1 Bb5 25. Bc2 Bc4 26. Bd1 Kh8 27. Bxg4 fxg4 28.
Qxg4 Bxb3 29. axb3 Qxb3 30. h6 g6 31. Re2 Qb6 32. Qh4 Kg8 33. Bg5 Rf8 34. Be7
Rf5 35. Bd6 Qd8 36. Qxd8+ Rxd8 37. Rxa7 Rf7 38. Rf2 Rf5 39. Rxb7 Kf7 40. g4 Rxf2
41. Kxf2 g5 42. Kg3 Ke8 43. Ra7 Rc8 44. Bb4 Rb8 45. Kf2 Rb6 46. Ke3 Rb5 47. Kd2
Kd8 48. Kc2 Kc8 49. Be7 Rb7 50. Rxb7 Kxb7 51. Bxg5 Nf8 52. Bf6 Kc6 53. b3 Kb5
54. Kd3 Ng6 55. Bg5 Nf8 56. c4+ Kb4 57. Be7+ Kxb3 58. cxd5 Ng6 59. d6 Nf4+ 60.
Ke4 1-0

[Event "DRUZYNOWE MISTRZOSTWA POLSKI JUNIOROW - II LIGA"]
[Site "Szczyrk, CKiR Orle Gniazdo ul. Wrzosowa 28a"]
[Date "2014-07-28"]
[Round "5.42"]
[White "Szelag, Zuzanna"]
[Black "Buchta, Agnieszka"]
[Result "0-1"]
[WhiteTitle "I"]
[BlackTitle "II+"]
[WhiteElo "1483"]
[BlackElo "1371"]

1. e4 c5 2. Nf3 e6 3. d4 cxd4 4. Nxd4 Nf6 5. Nc3 Bb4 6. e5 Nd5 7. Bd2 Nxc3 8. bxc3
Be7 9. Qg4 g6 10. Bd3 Nc6 11. Nxc6 dxc6 12. h4 h5 13. Qg3 b6 14. Rd1 Rg8 15. Qf4
Qc7 16. Rh3 Bb7 17. Kf1 Rf8 18. g4 hxg4 19. Qxg4 Qxe5 20. h5 gxh5 21. Rxh5 Qf6
22. Rh6 Qe5 23. Rh7 O-O-O 24. Qa4 Rh8 25. Bf4 Qf6 26. Re1 Rxh7 27. Bxh7 Qxc3 28.
Bd3 Rd4 29. Qxa7 Rxf4 30. Qxb6 Bc5 31. Qb1 Rxf2+ 32. Kg1 Qg7+ 33. Kh1 Qg2# 0-1

[Event "DRUZYNOWE MISTRZOSTWA POLSKI JUNIOROW - II LIGA"]
[Site "Szczyrk, CKiR Orle Gniazdo ul. Wrzosowa 28a"]
[Date "2014-07-28"]
[Round "5.43"]
[White "Teclaf, Pawel"]
[Black "Nun, Grzegorz"]
[Result "1/2-1/2"]
[WhiteTitle "CM"]
[BlackTitle "I"]
[WhiteElo "1979"]
[BlackElo "1907"]

1. e4 c5 2. Nf3 d6 3. d4 cxd4 4. Nxd4 Nf6 5. Nc3 a6 6. Be3 e5 7. Nf3 Be7 8. Bc4
O-O 9. Qd3 Nc6 10. O-O-O b5 11. Bb3 Bb7 12. Bg5 b4 13. Bxf6 bxc3 14. Bxe7 cxb2+
15. Kxb2 Nxe7 16. Qxd6 Qxd6 17. Rxd6 Bxe4 18. Nxe5 Bxg2 19. Re1 Nf5 20. Rd7 Rab8
21. Ka3 Rb7 22. Rxb7 Bxb7 23. Nxf7 Nd4 24. Nh6+ Kh8 25. Nf7+ Kg8 26. Nd6+ Nxb3
27. axb3 Bc6 28. Re2 h5 29. Kb4 Rf4+ 30. c4 Bf3 31. Re3 Bg2 32. Ka5 Rxf2 33. Kb6
h4 34. c5 h3 35. Ne4 Rf4 36. Ng5 Rb4+ 37. Kc7 g6 38. c6 Rb5 39. Nf3 Rf5 40. Ne5
Rf2 41. Rc3 Bxc6 42. Kxc6 Rxh2 43. Ng4 Rg2 44. Nh6+ Kg7 45. Rxh3 Rg5 46. Rh4 Rb5
47. b4 1/2-1/2

[Event "DRUZYNOWE MISTRZOSTWA POLSKI JUNIOROW - II LIGA"]
[Site "Szczyrk, CKiR Orle Gniazdo ul. Wrzosowa 28a"]
[Date "2014-07-28"]
[Round "5.44"]
[White "Czerniawski, Krzysztof"]
[Black "Krawiec, Grzegorz"]
[Result "1/2-1/2"]
[WhiteTitle "I"]
[BlackTitle "II"]
[WhiteElo "1761"]
[BlackElo "1564"]

1. e4 c5 2. Nf3 e6 3. d4 cxd4 4. Nxd4 Nc6 5. Be3 Qc7 6. Bd3 Nf6 7. O-O a6 8. Nd2
Nxd4 9. Bxd4 e5 10. Be3 d6 11. h3 Be7 12. c4 O-O 13. Rc1 Be6 14. Kh2 Nd7 15. g4
g5 16. b4 a5 17. b5 b6 18. Nb1 Nc5 19. Bxc5 Qxc5 20. Nc3 f6 21. Nd5 Kf7 22. Qe2
Ra7 23. Qe3 Qxe3 24. Nxe3 Rh8 25. Kg2 Rb7 26. Rh1 h6 27. Nd5 Bd8 28. Rh2 Be7 29.
Rch1 Bf8 30. Be2 Bg7 31. Ne3 Bf8 32. a4 Rc7 33. Nd5 Rb7 34. Kf3 Be7 35. Ke3 Bf8
36. Kd3 Be7 37. Kc3 Bf8 38. Kb3 Be7 39. Ne3 Bf8 40. Nf5 Rd7 41. h4 Kg6 42. Kc3
Bg7 43. Rh3 Bf7 44. Rd1 Rhd8 45. hxg5 fxg5 46. Ne3 Be6 47. Nf5 Bf7 48. Rhd3 Bf8
49. Rf3 Be6 50. Ne3 Bg7 51. Rh3 Rf8 52. Nf5 Rfd8 53. f3 Bf7 54. Kb3 Be6 55. Rd5
Bf7 56. Rh1 Bxd5 57. exd5 Kf6 58. Bd3 Rh8 59. Rh5 Rdd8 60. Be4 Bf8 61. Rh3 Bg7
62. Rh5 1/2-1/2